Statistics for Top 100 Most Common British Surnames

Click here to take the quiz!

General Stats

  • This quiz has been taken 535 times
    (509 since last reset)
  • The average score is 30 of 99

Answer Stats

Answer% Correct
Smith
95%
Jones
82%
Brown
79%
Johnson
77%
Williams
73%
White
70%
Green
62%
James
58%
Roberts
58%
Jackson
56%
Davis
55%
Thomas
55%
Taylor
54%
Wilson
53%
Harris
50%
Richards
49%
Thompson
49%
Davies
47%
Baker
44%
Adams
43%
Evans
41%
Anderson
40%
Lewis
40%
Harrison
39%
Cooper
38%
Edwards
38%
King
38%
Clark
37%
Miller
37%
Robertson
37%
Carter
35%
Robinson
35%
Hill
34%
Walker
34%
Parker
33%
Wood
33%
Richardson
32%
Watson
32%
Gray
31%
Hall
31%
Lee
31%
Morris
31%
Wright
29%
Martin
28%
Young
28%
Phillips
27%
Turner
27%
Allen
26%
Bell
26%
Collins
25%
Cook
25%
Hughes
25%
Matthews
25%
Mitchell
25%
Moore
25%
Mason
24%
Owen
24%
Graham
23%
Hunt
23%
Murphy
23%
Stewart
22%
Campbell
20%
Clarke
20%
Morgan
20%
Patel
20%
Scott
20%
Jenkins
19%
Kelly
19%
Mills
19%
Murray
19%
Barker
18%
Fisher
18%
Knight
18%
Ellis
17%
Price
17%
Rogers
17%
Simpson
17%
Reid
16%
Shaw
16%
Thomson
16%
Bennett
15%
Foster
15%
Holmes
14%
Marshall
14%
Wilkinson
14%
Bailey
13%
Barnes
12%
Ward
12%
Cox
11%
Palmer
11%
Russell
11%
Butler
10%
Griffiths
10%
Lloyd
10%
Harvey
9%
Powell
8%
Webb
8%
Gibson
7%
Chapman
5%

Score Distribution

Percentile by Number Answered

Percent of People with Each Score

Your Score History

You have not taken this quiz since the last reset